000
00222nam a2200085Ia 4500
245
0
_a
Buchi must choose
100
_a
GREENSTEIN, Lisa Oxford, 2003
_9
79356
942
_c
BK
008
210817s9999 xx 000 0 und d
999
_c
276571
_d
276570